000 00748nam a2200241 i 4500
003 EG-ScBUE
005 20240902095702.0
008 090524s2000 ii a f 001 0 eng d
020 _a8187233265
040 _aEG-ScBUE
_beng
_erda
_cEG-ScBUE
_dEG-ScBUE
082 0 4 _222
_a503
_bINF
245 0 0 _aInfinity's Encyclopaedia of Science Projects.
250 _aFirst edition.
264 1 _aNew Delhi :
_bRajeev Seithi Infinity Books,
_c2000.
300 3 _a300 pages :
_bcolor illustrations ;
_c23 cm
336 _2rdacontent
_atext
_btxt
337 _aunmediated
_2rdamedia
_bn
338 _avolume
_bnc
_2rdacarrier
500 _aIncludes index.
650 7 _93444
_aScience
_vEncyclopedias.
_2BUEsh
655 _vReading book
942 _2ddc
_cREFERENCE
999 _c11601
_d11601